000 00591nam a2200217Ia 4500
005 20241216010114.0
008 180423s9999||||xx |||||||||||||| ||und||
082 _a373.238
_bC86
100 _aCRISOLOGO ARCE, JUAN
245 0 _aAPUNTES PARA UNA PEDAGOGIA INFANTIL
250 _a0
260 _aPERU
_bKFK EDICIONES
_c1993
300 _a89 pag.
_c21 cm
341 _h11
490 _v0
_a0
505 _aEPISTEMOLOGIA-EDUCACION INICIAL/PEDAGOGIA-PRINCIPIOS
541 _aC
_bLIBRERIA AMAUTA
_d23-Jan-95
_odólar
650 _aCIENCIAS SOCIALES
856 _zHumanidades
942 _cLIBRO
999 _c5652
_d5652